000 00361nam a22001457a 4500
008 230228b |||||||| |||| 00| 0 eng d
020 _a978-0-143-45223-2
082 _a813.54
100 _aDivya Anand
245 _aWritten in the Stars
260 _bEbury Press,
_c2021
300 _a332 p.
_c20 cm
942 _2ddc
999 _c9358
_d9359